Engineering Drawing & Computer Graphics (Record no. 8171)

MARC details
000 -LEADER
fixed length control field 00302nam a2200121Ia 4500
008 - FIXED-LENGTH DATA ELEMENTS--GENERAL INFORMATION
fixed length control field 191201s2019 xx 000 0 und d
100 ## - MAIN ENTRY--PERSONAL NAME
Personal name SINGH, Harvinder
245 #0 - TITLE STATEMENT
Title Engineering Drawing & Computer Graphics
250 ## - EDITION STATEMENT
Edition statement 5th Rep
260 ## - PUBLICATION, DISTRIBUTION, ETC. (IMPRINT)
Name of publisher, distributor, etc DHANPAT RAI
Place of publication, distribution, etc NEW DELHI
300 ## - PHYSICAL DESCRIPTION
Extent 518
942 ## - ADDED ENTRY ELEMENTS (KOHA)
Source of classification or shelving scheme Dewey Decimal Classification
Koha item type Text Books
Holdings
Withdrawn status Lost status Source of classification or shelving scheme Damaged status Not for loan Collection code Home library Current library Date acquired Source of acquisition Cost, normal purchase price Bill Number Total Checkouts Full call number Acc. no. / Barcode Date last seen Date last borrowed Actual Cost, discounted price Bill Date Koha item type
    Dewey Decimal Classification     Diploma in Mechanical PIET C-LIBRARY PIET C-LIBRARY 15/05/2019 KIRTI PRAKASHAN, NEW DELHI 295.00 IN3878 1 604.2 SIE DE1316 08/07/2021 16/03/2021 221.25 15/05/2019 Text Books

Design & Developed by: PIET Central Library
R70 Miles Stone Pattikalyana Samalkha Panipat 132102
mail ID :- [email protected], Phone No:- 0180-2569700 Ex.216